Welcome to CU Library Online Public Access Catalogue (OPAC)

Labour law / (Record no. 5352)

MARC details
000 -LEADER
fixed length control field 00629cam a2200205 a 4500
001 - CONTROL NUMBER
control field 15982472
005 - DATE AND TIME OF LATEST TRANSACTION
control field 20250404143411.0
008 - FIXED-LENGTH DATA ELEMENTS--GENERAL INFORMATION
fixed length control field 091113s2009 enk b 001 0 eng
020 ## - INTERNATIONAL STANDARD BOOK NUMBER
International Standard Book Number 9781841138022 (pbk.)
050 00 - LIBRARY OF CONGRESS CALL NUMBER
Classification number KD3009
Item number .D43 2009
100 1# - MAIN ENTRY--PERSONAL NAME
Personal name Deakin, S. F.
Fuller form of name (Simon F.)
245 10 - TITLE STATEMENT
Title Labour law /
Statement of responsibility, etc. Simon Deakin and Gillian S. Morris.
250 ## - EDITION STATEMENT
Edition statement 5th ed.
260 ## - PUBLICATION, DISTRIBUTION, ETC.
Place of publication, distribution, etc. Oxford ;
-- Portland, Or. :
Name of publisher, distributor, etc. Hart Pub.,
Date of publication, distribution, etc. c2009.
300 ## - PHYSICAL DESCRIPTION
Extent lxxviii, 1094 p. ;
Dimensions 25 cm.
500 ## - GENERAL NOTE
General note includes index
650 #0 - SUBJECT ADDED ENTRY--TOPICAL TERM
Topical term or geographic name entry element Labor laws and legislation
Geographic subdivision Great Britain.
700 1# - ADDED ENTRY--PERSONAL NAME
Personal name Morris, Gillian S.,
Dates associated with a name 1953-
942 ## - ADDED ENTRY ELEMENTS (KOHA)
Source of classification or shelving scheme Library of Congress Classification
Koha item type Books
Edition 5th
Suppress in OPAC No
999 ## -
-- 5352
-- 5352
Holdings
Withdrawn status Lost status Source of classification or shelving scheme Damaged status Not for loan Collection Home library Current library Shelving location Date acquired Total checkouts Full call number Barcode Date last seen Price effective from Koha item type
    Library of Congress Classification     Non-fiction Law Library (Kumasi) Law Library (Kumasi) General stacks 04/04/2025   KD3009.D43 llk00000095 04/04/2025 04/04/2025 Books
© 2023-2024 Copyright: Central University Libraries. All Rights Reserved | Created by: Mahone Tech Office